000 00482nam a22001817a 4500
003 CEME
005 20210628203833.0
008 210308b xxu||||| |||| 00| 0 eng d
020 _a0-87389-269-0
040 _c.
082 _a658.402 HAR'T
100 _aHartzler, Meg , Menry, Jone E
_967508
245 _aTeam fitness , a how to manual for building a wining work team
260 _aUSA
_bASQC
_c1994
300 _aXVI, 245P
650 _aWORKGROUPS
_967509
942 _cBK
_2ddc
999 _c575272
_d575272